[Event "Women's Speed Chess GP3"]
[Site "chess.com INT"]
[Date "2020.07.08"]
[Round "1.10"]
[White "Vaishali, R"]
[Black "Koneru, Humpy"]
[Result "1/2-1/2"]
[WhiteTitle "WGM"]
[BlackTitle "GM"]
[WhiteElo "2393"]
[BlackElo "2586"]
[WhiteFideId "5091756"]
[BlackFideId "5008123"]
[EventDate "2020.07.08"]
[EventType "k.o. blitz"]

1. Nf3 Nf6 2. g3 d5 3. Bg2 c6 4. O-O Bg4 5. d3 Nbd7 6. h3 Bxf3 7. Bxf3 e5 8. e4
dxe4 9. dxe4 Bc5 10. a4 a5 11. Nd2 O-O 12. Nc4 Qc7 13. Qe2 Rfd8 14. Bg2 h6 15.
c3 Nf8 16. Kh1 Ne6 17. f4 exf4 18. gxf4 b5 19. axb5 cxb5 20. e5 Nd5 21. Nd6 Bxd6
22. exd6 Rxd6 23. Qxb5 Rad8 24. Qxa5 Qe7 25. c4 Nf6 26. Qe5 Qd7 27. Be3 Rd3 28.
Bf2 Nf8 29. Ra3 Ng6 30. Rxd3 Qxd3 31. Qe3 Qxc4 32. Bg3 Rd3 33. Qe2 Qd4 34. Kh2
h5 35. f5 h4 36. fxg6 hxg3+ 37. Kh1 fxg6 38. Qe6+ Kh7 39. Qe2 Rd2 40. Qf3 Rf2
41. Qxg3 Rxf1+ 42. Bxf1 Qxb2 43. Bg2 Nh5 44. Qg4 Qa1+ 45. Kh2 Qe5+ 46. Kh1 Qa1+
47. Kh2 Qe5+ 48. Kg1 Qe1+ 49. Kh2 Qe5+ 1/2-1/2

[Event "Women's Speed Chess GP3"]
[Site "chess.com INT"]
[Date "2020.07.08"]
[Round "1.1"]
[White "Hou, Yifan"]
[Black "Munkhzul, Turmunkh"]
[Result "0-1"]
[WhiteTitle "GM"]
[BlackTitle "WIM"]
[WhiteElo "2658"]
[BlackElo "2278"]
[WhiteFideId "8602980"]
[BlackFideId "4901878"]
[EventDate "2020.07.08"]
[EventType "k.o. blitz"]

1. e4 c5 2. Nf3 d6 3. Bb5+ Nd7 4. d4 cxd4 5. Qxd4 a6 6. Be2 Ngf6 7. O-O e5 8.
Qe3 Nc5 9. Nfd2 Be7 10. c4 O-O 11. Nc3 Ne6 12. Nb3 Nf4 13. Bf3 Be6 14. Nd5 N6xd5
15. cxd5 Bd7 16. Bd2 Bg5 17. Ba5 Qe7 18. Qb6 Bb5 19. Rfc1 Qf6 20. Rc2 Bd3 21.
Rc3 Qg6 22. Re1 Bd8 23. Qxb7 Nh3+ 24. Kh1 Nxf2+ 25. Kg1 Nh3+ 26. Kh1 Nf2+ 27.
Kg1 Bh4 28. Re3 Nh3+ 29. Kh1 Nf2+ 30. Kg1 Bb5 31. g3 Nh3+ 0-1

[Event "Women's Speed Chess GP3"]
[Site "chess.com INT"]
[Date "2020.07.08"]
[Round "1.2"]
[White "Munkhzul, Turmunkh"]
[Black "Hou, Yifan"]
[Result "0-1"]
[WhiteTitle "WIM"]
[BlackTitle "GM"]
[WhiteElo "2278"]
[BlackElo "2658"]
[WhiteFideId "4901878"]
[BlackFideId "8602980"]
[EventDate "2020.07.08"]
[EventType "k.o. blitz"]

1. e4 c5 2. Nf3 d6 3. d4 cxd4 4. Nxd4 Nf6 5. Nc3 a6 6. Be3 e6 7. f3 b5 8. Qd2
Nbd7 9. g4 h6 10. O-O-O b4 11. Nce2 d5 12. Ng3 Bb7 13. exd5 Nxd5 14. Bc4 Qc7 15.
Bb3 Nc5 16. Kb1 Nxb3 17. Nxb3 Nxe3 18. Qxe3 Be7 19. Ne4 O-O 20. g5 hxg5 21. Nxg5
Bxg5 22. Qxg5 Bxf3 23. Rhg1 f6 24. Qe3 Bxd1 25. Rxd1 Rad8 26. Rg1 e5 27. Nc5 Qa7
28. Qg3 Rf7 29. Nd3 a5 30. h4 Rfd7 31. h5 e4 32. Nc1 Rd1 33. Rxd1 Rxd1 34. h6
Qg1 35. h7+ Kxh7 36. Qh3+ Kg6 0-1

[Event "Women's Speed Chess GP3"]
[Site "chess.com INT"]
[Date "2020.07.08"]
[Round "1.3"]
[White "Hou, Yifan"]
[Black "Munkhzul, Turmunkh"]
[Result "1-0"]
[WhiteTitle "GM"]
[BlackTitle "WIM"]
[WhiteElo "2658"]
[BlackElo "2278"]
[WhiteFideId "8602980"]
[BlackFideId "4901878"]
[EventDate "2020.07.08"]
[EventType "k.o. blitz"]

1. e4 c5 2. Nf3 d6 3. d4 cxd4 4. Nxd4 Nf6 5. Nc3 a6 6. Be2 e5 7. Nb3 Be7 8. Be3
Be6 9. O-O O-O 10. Qd2 Nbd7 11. a4 Rc8 12. a5 Qc7 13. Rfd1 Rfd8 14. Qe1 h6 15.
h3 Qc6 16. Bf3 Nf8 17. Kh2 Ng6 18. g3 d5 19. exd5 Nxd5 20. Qh1 Rd7 21. Nxd5 Bxd5
22. Bxd5 Qc7 23. Be4 1-0

[Event "Women's Speed Chess GP3"]
[Site "chess.com INT"]
[Date "2020.07.08"]
[Round "1.4"]
[White "Munkhzul, Turmunkh"]
[Black "Hou, Yifan"]
[Result "0-1"]
[WhiteTitle "WIM"]
[BlackTitle "GM"]
[WhiteElo "2278"]
[BlackElo "2658"]
[WhiteFideId "4901878"]
[BlackFideId "8602980"]
[EventDate "2020.07.08"]
[EventType "k.o. blitz"]

1. e4 c5 2. Nf3 a6 3. c4 e6 4. Nc3 b6 5. d4 cxd4 6. Nxd4 Bb7 7. a3 d6 8. Be3 Nf6
9. f3 Be7 10. Be2 O-O 11. O-O Nbd7 12. Rc1 Rc8 13. Qd2 Qc7 14. Rfd1 Qb8 15. Nb3
Rfe8 16. Bf4 Ne5 17. Qd4 Nfd7 18. Kh1 Nxf3 19. Bxf3 e5 20. Qf2 exf4 21. Bg4 Rcd8
22. Bxd7 Rxd7 23. Nd5 Bxd5 24. cxd5 Bf6 25. Qxf4 Bxb2 26. Rc2 Be5 27. Qg4 Rc7
28. Rdc1 Rxc2 29. Rxc2 Qd8 30. Nd2 g6 31. Nf3 h5 32. Qh3 Bf6 33. Nd2 Kg7 34. Rc6
Bg5 35. Qc3+ Kh7 36. Rc7 Re7 37. Rc8 Bxd2 38. Qc2 Rxe4 0-1

[Event "Women's Speed Chess GP3"]
[Site "chess.com INT"]
[Date "2020.07.08"]
[Round "1.5"]
[White "Hou, Yifan"]
[Black "Munkhzul, Turmunkh"]
[Result "1-0"]
[WhiteTitle "GM"]
[BlackTitle "WIM"]
[WhiteElo "2658"]
[BlackElo "2278"]
[WhiteFideId "8602980"]
[BlackFideId "4901878"]
[EventDate "2020.07.08"]
[EventType "k.o. blitz"]

1. e4 c5 2. Nf3 d6 3. d4 cxd4 4. Nxd4 Nf6 5. Nc3 a6 6. a4 e5 7. Nf3 Be7 8. Bg5
Be6 9. Bxf6 Bxf6 10. Nd5 Nd7 11. Bc4 Rc8 12. Qe2 Nb6 13. Nxf6+ Qxf6 14. Bxe6
Qxe6 15. b3 O-O 16. Rd1 d5 17. a5 dxe4 18. Qxe4 Nd7 19. Ng5 Qh6 20. Rxd7 Qxg5
21. O-O Rc5 22. b4 Rc3 23. Rxb7 Rfc8 24. Qd5 Qf6 25. Rb6 Qe7 26. Rxa6 Qxb4 27.
Rb6 Qd4 28. Qxd4 exd4 29. a6 Ra3 30. Rd1 Rxc2 31. Rb8+ 1-0

[Event "Women's Speed Chess GP3"]
[Site "chess.com INT"]
[Date "2020.07.08"]
[Round "1.6"]
[White "Munkhzul, Turmunkh"]
[Black "Hou, Yifan"]
[Result "0-1"]
[WhiteTitle "WIM"]
[BlackTitle "GM"]
[WhiteElo "2278"]
[BlackElo "2658"]
[WhiteFideId "4901878"]
[BlackFideId "8602980"]
[EventDate "2020.07.08"]
[EventType "k.o. blitz"]

1. e4 c5 2. Nf3 a6 3. c4 e6 4. Nc3 b6 5. d4 cxd4 6. Nxd4 Bb7 7. a3 d6 8. Be3 Nf6
9. f3 Be7 10. Be2 O-O 11. O-O Nbd7 12. Rc1 Rc8 13. b4 Qc7 14. Qd2 Rfe8 15. Rfd1
Qb8 16. Nb3 Ba8 17. Na4 Bc6 18. b5 axb5 19. cxb5 Ba8 20. Nd4 Qa7 21. Nb2 Nc5 22.
Rc3 Bxe4 23. fxe4 Ncxe4 24. Rxc8 Nxd2 25. Nc6 Qxa3 26. Nxe7+ Kf8 27. Rxe8+ Kxe8
28. Bxd2 Qxb2 29. Nc8 Ne4 30. Be3 Qxe2 0-1

[Event "Women's Speed Chess GP3"]
[Site "chess.com INT"]
[Date "2020.07.08"]
[Round "1.7"]
[White "Hou, Yifan"]
[Black "Munkhzul, Turmunkh"]
[Result "1/2-1/2"]
[WhiteTitle "GM"]
[BlackTitle "WIM"]
[WhiteElo "2658"]
[BlackElo "2278"]
[WhiteFideId "8602980"]
[BlackFideId "4901878"]
[EventDate "2020.07.08"]
[EventType "k.o. blitz"]

1. e4 c5 2. Nf3 d6 3. d4 cxd4 4. Nxd4 Nf6 5. Nc3 a6 6. a4 e5 7. Nf3 Be7 8. Bg5
Be6 9. Bxf6 Bxf6 10. Nd5 Nd7 11. Bc4 Rc8 12. Qe2 Nb6 13. Nxf6+ Qxf6 14. Bxe6
Qxe6 15. b3 O-O 16. Rd1 Nd7 17. O-O Rc6 18. Rd2 f5 19. exf5 Qxf5 20. Rfd1 Qg6
21. Nh4 Qh6 22. g3 Nc5 23. Qg4 Qf6 24. Ng2 Ne6 25. Ne3 Nd4 26. Kg2 Nf3 27. Re2
Nd4 28. Red2 Nf3 29. Re2 Nd4 30. Red2 1/2-1/2

[Event "Women's Speed Chess GP3"]
[Site "chess.com INT"]
[Date "2020.07.08"]
[Round "1.8"]
[White "Munkhzul, Turmunkh"]
[Black "Hou, Yifan"]
[Result "0-1"]
[WhiteTitle "WIM"]
[BlackTitle "GM"]
[WhiteElo "2278"]
[BlackElo "2658"]
[WhiteFideId "4901878"]
[BlackFideId "8602980"]
[EventDate "2020.07.08"]
[EventType "k.o. blitz"]

1. e4 c5 2. Nf3 a6 3. c4 e6 4. Nc3 b6 5. d4 cxd4 6. Nxd4 Bb7 7. a3 d6 8. Be3 Nf6
9. f3 Be7 10. Be2 O-O 11. O-O Nbd7 12. Rc1 Rc8 13. b4 Qc7 14. Nb3 Qb8 15. Qd2
Rfe8 16. Rfd1 Ba8 17. Na4 Bc6 18. Nc3 Ne5 19. b5 axb5 20. cxb5 Ba8 21. Qd4 Nfd7
22. Na4 Nc5 23. Naxc5 dxc5 24. Qc3 Ng6 25. Nd2 Bd6 26. Nf1 Be5 27. Qc2 Nf4 28.
Bc4 h5 29. Rd7 Rcd8 30. Rcd1 Rxd7 31. Rxd7 Qc8 32. Qd2 Nd5 33. Ra7 Nxe3 34. Nxe3
Bd4 35. Kh1 Bb7 36. Nc2 Qb8 37. Ra4 Be5 38. h3 Rd8 39. Qe2 Bf4 40. Bd3 Qd6 41.
Ne1 Bg3 42. Ra7 Qb8 43. Ra4 Bxe1 0-1

[Event "Women's Speed Chess GP3"]
[Site "chess.com INT"]
[Date "2020.07.08"]
[Round "1.9"]
[White "Hou, Yifan"]
[Black "Munkhzul, Turmunkh"]
[Result "1-0"]
[WhiteTitle "GM"]
[BlackTitle "WIM"]
[WhiteElo "2658"]
[BlackElo "2278"]
[WhiteFideId "8602980"]
[BlackFideId "4901878"]
[EventDate "2020.07.08"]
[EventType "k.o. blitz"]

1. e4 c5 2. Nf3 d6 3. d4 cxd4 4. Nxd4 Nf6 5. Nc3 a6 6. a4 e5 7. Nf3 Be7 8. Bg5
Be6 9. Bxf6 Bxf6 10. Nd5 Nd7 11. Bc4 Rc8 12. Qe2 Nb6 13. Nxf6+ Qxf6 14. Bxe6
Qxe6 15. b3 O-O 16. Rd1 Rc6 17. O-O Nc8 18. Qd3 Ne7 19. Rfe1 Ng6 20. g3 Qg4 21.
Nd2 Nf4 22. Qf3 Qg6 23. Nc4 f5 24. exf5 Rxf5 25. Kh1 Nh3 26. Qd5+ Kh8 27. Nxe5
Nxf2+ 28. Kg2 Rxe5 29. Qxe5 h6 30. Qe8+ 1-0

[Event "Women's Speed Chess GP3"]
[Site "chess.com INT"]
[Date "2020.07.08"]
[Round "1.10"]
[White "Munkhzul, Turmunkh"]
[Black "Hou, Yifan"]
[Result "1/2-1/2"]
[WhiteTitle "WIM"]
[BlackTitle "GM"]
[WhiteElo "2278"]
[BlackElo "2658"]
[WhiteFideId "4901878"]
[BlackFideId "8602980"]
[EventDate "2020.07.08"]
[EventType "k.o. blitz"]

1. e4 Nf6 2. e5 Nd5 3. d4 d6 4. Nf3 g6 5. Bc4 c6 6. O-O Bg7 7. exd6 Qxd6 8. c3
Bg4 9. h3 Bxf3 10. Qxf3 Nd7 11. Nd2 O-O 12. Ne4 Qc7 13. Re1 e6 14. Bg5 h6 15.
Bh4 e5 16. Bg3 Rae8 17. Bxd5 cxd5 18. Nd2 Qc6 19. dxe5 Nxe5 20. Bxe5 Bxe5 21.
Nb3 Bf6 22. Rad1 Rxe1+ 23. Rxe1 Kg7 24. Qd3 Re8 25. Rxe8 Qxe8 26. Kf1 Qe6 27.
Nd4 Qb6 28. Nb3 Qe6 29. Nd4 Qb6 30. Nb3 Qe6 1/2-1/2

[Event "Women's Speed Chess GP3"]
[Site "chess.com INT"]
[Date "2020.07.08"]
[Round "1.11"]
[White "Hou, Yifan"]
[Black "Munkhzul, Turmunkh"]
[Result "1-0"]
[WhiteTitle "GM"]
[BlackTitle "WIM"]
[WhiteElo "2658"]
[BlackElo "2278"]
[WhiteFideId "8602980"]
[BlackFideId "4901878"]
[EventDate "2020.07.08"]
[EventType "k.o. blitz"]

1. Nf3 Nf6 2. g3 e6 3. Bg2 d5 4. c4 Be7 5. O-O O-O 6. b3 c5 7. Bb2 Nc6 8. e3 b6
9. cxd5 exd5 10. d4 Be6 11. Nc3 Rc8 12. Rc1 Bg4 13. Ne2 Qd7 14. Ne5 Nxe5 15.
dxe5 Bxe2 16. Qxe2 Ne4 17. Rcd1 Qe6 18. f3 Ng5 19. h4 c4 20. hxg5 c3 21. Bc1 Bc5
22. f4 Rfd8 23. Kh2 d4 24. exd4 Bxd4 25. Bh3 Qc6 26. Bxc8 Qxc8 27. Rd3 c2 28.
Rd2 Qf5 29. Rxc2 1-0

[Event "Women's Speed Chess GP3"]
[Site "chess.com INT"]
[Date "2020.07.08"]
[Round "1.12"]
[White "Munkhzul, Turmunkh"]
[Black "Hou, Yifan"]
[Result "1/2-1/2"]
[WhiteTitle "WIM"]
[BlackTitle "GM"]
[WhiteElo "2278"]
[BlackElo "2658"]
[WhiteFideId "4901878"]
[BlackFideId "8602980"]
[EventDate "2020.07.08"]
[EventType "k.o. blitz"]

1. e4 e6 2. d4 d5 3. exd5 exd5 4. Bd3 Bd6 5. Ne2 Ne7 6. O-O O-O 7. Bf4 Bf5 8.
Bxd6 Qxd6 9. Ng3 Bxd3 10. Qxd3 Nd7 11. Nd2 Nf6 12. c3 Rfe8 13. Rfe1 Ng6 14. Nf3
c6 15. Nf5 Qd7 16. Ng3 Qd6 17. Nf5 Qd7 18. Ng3 Qd6 1/2-1/2

[Event "Women's Speed Chess GP3"]
[Site "chess.com INT"]
[Date "2020.07.08"]
[Round "1.13"]
[White "Hou, Yifan"]
[Black "Munkhzul, Turmunkh"]
[Result "1/2-1/2"]
[WhiteTitle "GM"]
[BlackTitle "WIM"]
[WhiteElo "2658"]
[BlackElo "2278"]
[WhiteFideId "8602980"]
[BlackFideId "4901878"]
[EventDate "2020.07.08"]
[EventType "k.o. blitz"]

1. Nf3 Nf6 2. g3 e6 3. Bg2 d5 4. O-O Be7 5. c4 O-O 6. b3 c5 7. Bb2 Nc6 8. e3 d4
9. exd4 cxd4 10. d3 e5 11. Re1 Bd6 12. a3 a5 13. Nbd2 Bf5 14. Qc2 Re8 15. Ng5
Bc7 16. Nge4 Nxe4 17. Nxe4 Bg6 18. Nc5 Qc8 19. Bc1 Bd6 20. Ne4 Bc7 21. Nc5 Bd6
22. Ne4 Bc7 23. Nc5 1/2-1/2

[Event "Women's Speed Chess GP3"]
[Site "chess.com INT"]
[Date "2020.07.08"]
[Round "1.14"]
[White "Munkhzul, Turmunkh"]
[Black "Hou, Yifan"]
[Result "0-1"]
[WhiteTitle "WIM"]
[BlackTitle "GM"]
[WhiteElo "2278"]
[BlackElo "2658"]
[WhiteFideId "4901878"]
[BlackFideId "8602980"]
[EventDate "2020.07.08"]
[EventType "k.o. blitz"]

1. e4 e5 2. Nf3 Nc6 3. Bb5 a6 4. Ba4 Nf6 5. O-O Be7 6. Re1 b5 7. Bb3 d6 8. c3
O-O 9. h3 Na5 10. Bc2 c5 11. d4 Qc7 12. Nbd2 Bd7 13. Nf1 Rac8 14. d5 Nc4 15. b3
Nb6 16. g4 g6 17. Ng3 Ne8 18. Kh2 Ng7 19. Rg1 f6 20. Bh6 Rf7 21. Qe2 Bf8 22. Rg2
a5 23. Rag1 c4 24. b4 axb4 25. cxb4 Ra8 26. Bb1 Na4 27. Qd2 c3 28. Qc1 Qc4 29.
Nh4 Qxb4 30. Nh5 Qb2 31. Qe3 Qd2 32. Bxg7 Qxe3 33. fxe3 Bxg7 34. Nxg7 Kxg7 35.
Rf1 Nc5 36. Nf3 b4 37. Rc2 Bb5 0-1

[Event "Women's Speed Chess GP3"]
[Site "chess.com INT"]
[Date "2020.07.08"]
[Round "1.1"]
[White "Ju, Wenjun"]
[Black "Mammadzada, Gunay"]
[Result "1-0"]
[WhiteTitle "GM"]
[BlackTitle "IM"]
[WhiteElo "2560"]
[BlackElo "2443"]
[WhiteFideId "8603006"]
[BlackFideId "13403729"]
[EventDate "2020.07.08"]
[EventType "k.o. blitz"]

1. d4 d5 2. c4 c6 3. Nf3 Nf6 4. Nc3 a6 5. c5 g6 6. Bf4 Bg7 7. e3 Nbd7 8. h3 O-O
9. Be2 Ne4 10. O-O e5 11. Nxe5 Nexc5 12. Nxc6 bxc6 13. dxc5 Nxc5 14. Rc1 Ne6 15.
Bg3 Qa5 16. a3 Rd8 17. Na4 d4 18. b4 Qg5 19. Qb3 dxe3 20. Qxe3 Qxe3 21. fxe3 Bb7
22. Nb6 Ra7 23. Bc4 Bb2 24. Rcd1 Re8 25. Rd7 Bxa3 26. Rfxf7 1-0

[Event "Women's Speed Chess GP3"]
[Site "chess.com INT"]
[Date "2020.07.08"]
[Round "1.2"]
[White "Mammadzada, Gunay"]
[Black "Ju, Wenjun"]
[Result "1/2-1/2"]
[WhiteTitle "IM"]
[BlackTitle "GM"]
[WhiteElo "2443"]
[BlackElo "2560"]
[WhiteFideId "13403729"]
[BlackFideId "8603006"]
[EventDate "2020.07.08"]
[EventType "k.o. blitz"]

1. e4 e5 2. Nf3 Nc6 3. Bb5 Nf6 4. O-O Nxe4 5. d4 Nd6 6. dxe5 Nxb5 7. a4 Nbd4 8.
Nxd4 d5 9. Nxc6 bxc6 10. Nd2 Be7 11. Nb3 c5 12. c4 c6 13. Qf3 O-O 14. Rd1 Be6
15. Qg3 Kh8 16. Bf4 Rb8 17. Rac1 Qb6 18. Nd2 Qxb2 19. Nf3 h6 20. Ne1 dxc4 21.
Qe3 Rb3 22. Qe4 Bd5 23. Qf5 Qe2 24. Rd2 Qe4 25. Qxe4 Bxe4 26. Rxc4 Bd5 27. Rc1
c4 28. Nc2 Rc3 29. Rcd1 Bc5 30. Be3 Bxe3 31. Nxe3 Be6 32. Rd6 Ra3 33. Rxc6 Rxa4
34. f4 g6 35. Kf2 Ra3 36. h3 c3 37. Rc1 Ra2+ 38. Rc2 Rxc2+ 39. Nxc2 Bf5 40. Nd4
Rd8 41. Nxf5 gxf5 42. Rxc3 Kg7 43. Kf3 Rd4 44. Ra3 Rd7 45. Ra6 Rc7 46. g4 fxg4+
47. Kg2 gxh3+ 48. Kxh3 Rc4 49. Kg4 Rd4 50. Rxa7 Rc4 51. e6 Kf6 52. exf7 Kg7 53.
Kf5 Rc6 54. Rb7 Rf6+ 55. Kg4 Rxf7 56. Rxf7+ Kxf7 57. Kf5 Kf8 58. Kg6 Ke7 59. f5
Kf8 60. Kf6 h5 61. Kg5 Kf7 62. Kxh5 Kf6 63. Kg4 Kf7 64. Kg5 Kg7 65. f6+ Kf7 66.
Kf5 Kf8 67. Kg6 Kg8 68. f7+ Kf8 69. Kf6 1/2-1/2

[Event "Women's Speed Chess GP3"]
[Site "chess.com INT"]
[Date "2020.07.08"]
[Round "1.3"]
[White "Ju, Wenjun"]
[Black "Mammadzada, Gunay"]
[Result "1-0"]
[WhiteTitle "GM"]
[BlackTitle "IM"]
[WhiteElo "2560"]
[BlackElo "2443"]
[WhiteFideId "8603006"]
[BlackFideId "13403729"]
[EventDate "2020.07.08"]
[EventType "k.o. blitz"]

1. d4 d5 2. c4 c6 3. Nf3 Nf6 4. Qc2 g6 5. Bf4 Bg7 6. e3 O-O 7. Nbd2 c5 8. cxd5
cxd4 9. e4 e6 10. Bc7 Qd7 11. Ne5 Qe7 12. d6 Qe8 13. Bd3 Nh5 14. Ndf3 Nf4 15.
O-O f6 16. Nc4 e5 17. Nfd2 Nc6 18. a3 Be6 19. g3 1-0

[Event "Women's Speed Chess GP3"]
[Site "chess.com INT"]
[Date "2020.07.08"]
[Round "1.4"]
[White "Mammadzada, Gunay"]
[Black "Ju, Wenjun"]
[Result "0-1"]
[WhiteTitle "IM"]
[BlackTitle "GM"]
[WhiteElo "2443"]
[BlackElo "2560"]
[WhiteFideId "13403729"]
[BlackFideId "8603006"]
[EventDate "2020.07.08"]
[EventType "k.o. blitz"]

1. e4 e5 2. Nf3 Nc6 3. Bb5 Nf6 4. d3 Bc5 5. Bxc6 dxc6 6. Nbd2 Nd7 7. Nc4 O-O 8.
Qe2 Re8 9. Bg5 f6 10. Bd2 Nf8 11. O-O-O Be6 12. Kb1 Bf7 13. g4 Ne6 14. h4 a5 15.
Be3 b5 16. Ncd2 a4 17. Rdg1 a3 18. b3 Bd4 19. Bxd4 Nxd4 20. Qe3 Qd6 21. Nxd4
exd4 22. Qe1 c5 23. g5 c4 24. gxf6 Qxf6 25. Rg5 cxd3 26. cxd3 Re5 27. Rhg1 Rxg5
28. hxg5 Qf4 29. Qc1 Qxf2 30. Rf1 Qe3 31. Qc2 Rf8 32. Rf3 Qe2 0-1

[Event "Women's Speed Chess GP3"]
[Site "chess.com INT"]
[Date "2020.07.08"]
[Round "1.5"]
[White "Ju, Wenjun"]
[Black "Mammadzada, Gunay"]
[Result "0-1"]
[WhiteTitle "GM"]
[BlackTitle "IM"]
[WhiteElo "2560"]
[BlackElo "2443"]
[WhiteFideId "8603006"]
[BlackFideId "13403729"]
[EventDate "2020.07.08"]
[EventType "k.o. blitz"]

1. e4 c5 2. Nf3 d6 3. c3 Nf6 4. h3 g6 5. Bd3 Bg7 6. Bc2 O-O 7. d4 cxd4 8. cxd4
Nc6 9. Nc3 e6 10. O-O Ne7 11. Be3 a6 12. Qd2 b5 13. a3 Bb7 14. Bh6 Rc8 15. Rac1
Qb6 16. Be3 Qd8 17. Rfd1 Qd7 18. Bd3 Rfd8 19. Qe2 Bc6 20. Bf4 Qb7 21. b4 d5 22.
e5 Ne4 23. Nb1 Nf5 24. g4 Ne7 25. Nbd2 Nxd2 26. Nxd2 Be8 27. Nb3 Rc4 28. Na5 Qb6
29. Nxc4 dxc4 30. Be4 Nd5 31. Bg5 Rd7 32. Qf3 h6 33. Bf6 Bxf6 34. exf6 Qd8 35.
Bxd5 Rxd5 36. Qf4 Kh7 37. h4 Bc6 38. f3 e5 39. Qe3 exd4 40. Qe7 Rd7 41. Rxd4
Qxe7 42. fxe7 Rxd4 43. Re1 Be8 44. Kf2 Kg7 45. Ke3 Rd7 46. Kf4 Kf6 47. g5+ hxg5+
48. hxg5+ Kg7 49. Re5 Rc7 50. Ke3 f6 51. gxf6+ Kxf6 52. Kd4 Rxe7 53. Rxe7 Kxe7 0-1

[Event "Women's Speed Chess GP3"]
[Site "chess.com INT"]
[Date "2020.07.08"]
[Round "1.6"]
[White "Mammadzada, Gunay"]
[Black "Ju, Wenjun"]
[Result "1/2-1/2"]
[WhiteTitle "IM"]
[BlackTitle "GM"]
[WhiteElo "2443"]
[BlackElo "2560"]
[WhiteFideId "13403729"]
[BlackFideId "8603006"]
[EventDate "2020.07.08"]
[EventType "k.o. blitz"]

1. e4 e5 2. Nf3 Nc6 3. Bb5 Nf6 4. O-O Nxe4 5. Re1 Nd6 6. Nxe5 Be7 7. Bf1 Nxe5 8.
Rxe5 O-O 9. d4 Ne8 10. Re1 d5 11. c3 c6 12. Bd3 g6 13. Nd2 Ng7 14. Nf3 Bf5 15.
Bh6 Bxd3 16. Qxd3 Re8 17. Bxg7 Kxg7 18. Re2 Bd6 19. Rae1 Qd7 20. g3 f6 21. Kg2
Kf7 22. Qd2 Rxe2 23. Rxe2 Re8 24. Qe1 Rxe2 25. Qxe2 Qe6 26. Kf1 Qf5 27. Ne1 h5
28. Qd3 Qh3+ 29. Kg1 h4 30. Qe3 hxg3 31. hxg3 Qf5 32. Qd3 Qe4 33. Qd2 g5 34. b3
Qb1 35. Kg2 Qe4+ 36. f3 Qb1 37. Nd3 Be7 38. Nf2 Ba3 39. Qd3 Qxd3 40. Nxd3 Bd6
41. g4 Ke6 42. Kf2 f5 43. Ke2 b6 44. Kf2 Kf6 45. Ke2 Ke6 46. Nf2 Kf6 47. Nd1 Bf4
48. Kd3 Ke6 49. Nf2 Kf6 50. Nh3 Bd6 51. Nf2 Bf4 52. Nh3 Bd6 53. Nf2 Bf4 1/2-1/2

[Event "Women's Speed Chess GP3"]
[Site "chess.com INT"]
[Date "2020.07.08"]
[Round "1.7"]
[White "Ju, Wenjun"]
[Black "Mammadzada, Gunay"]
[Result "1/2-1/2"]
[WhiteTitle "GM"]
[BlackTitle "IM"]
[WhiteElo "2560"]
[BlackElo "2443"]
[WhiteFideId "8603006"]
[BlackFideId "13403729"]
[EventDate "2020.07.08"]
[EventType "k.o. blitz"]

1. d4 d5 2. c4 c6 3. Nf3 Nf6 4. Nc3 a6 5. c5 g6 6. Bf4 Bg7 7. e3 O-O 8. Be2 Nbd7
9. h3 Ne4 10. O-O e5 11. Nxe5 Bxe5 12. Bxe5 Nxc3 13. bxc3 Nxe5 14. dxe5 Qe7 15.
Qd4 Re8 16. f4 f6 17. c4 fxe5 18. fxe5 Qxe5 19. Qxe5 Rxe5 20. cxd5 cxd5 21. Bf3
Bd7 22. Kf2 Rae8 23. Rfe1 Bc6 24. Rad1 Kf7 25. Rd4 h5 26. h4 Kf6 27. Rd3 d4 28.
Bxc6 bxc6 29. Rxd4 Rxc5 30. Re2 Ree5 31. Red2 Red5 32. Kf3 Rxd4 33. exd4 Rc3+
34. Ke4 a5 35. Rb2 Ke6 36. Rb6 Kd6 37. Rb2 Rg3 38. Rf2 Rg4+ 39. Ke3 Kd5 40. Rf6
Rxg2 41. a4 Rg3+ 42. Kf2 Rg4 43. Ke3 Re4+ 44. Kf3 Rxd4 45. Rxg6 Rxa4 46. Rg5+
Kc4 47. Rxh5 Ra3+ 48. Kg4 a4 49. Ra5 Kb4 50. Ra6 c5 51. h5 Ra1 52. h6 Rh1 53.
Kg5 a3 54. Kg6 Kb3 55. h7 a2 56. Rb6+ Kc2 57. Ra6 Kb2 58. Rb6+ Kc2 59. Ra6 Kb3
60. Rb6+ Kc3 61. Ra6 Rg1+ 62. Kf7 Rh1 63. Kg6 Kb3 1/2-1/2

[Event "Women's Speed Chess GP3"]
[Site "chess.com INT"]
[Date "2020.07.08"]
[Round "1.8"]
[White "Mammadzada, Gunay"]
[Black "Ju, Wenjun"]
[Result "0-1"]
[WhiteTitle "IM"]
[BlackTitle "GM"]
[WhiteElo "2443"]
[BlackElo "2560"]
[WhiteFideId "13403729"]
[BlackFideId "8603006"]
[EventDate "2020.07.08"]
[EventType "k.o. blitz"]

1. e4 e5 2. Nf3 Nc6 3. Bb5 Nf6 4. O-O Nxe4 5. Re1 Nd6 6. Nxe5 Be7 7. Bf1 Nxe5 8.
Rxe5 O-O 9. d4 Ne8 10. d5 Bc5 11. Re1 d6 12. Nd2 Bf5 13. c3 Qf6 14. Qf3 Bg6 15.
Be2 Qxf3 16. Bxf3 Nf6 17. b4 Bb6 18. Nc4 Rfe8 19. Bb2 Be4 20. Bxe4 Nxe4 21. Nxb6
axb6 22. Re2 b5 23. Rae1 Nf6 24. Rxe8+ Rxe8 25. Rxe8+ Nxe8 26. a4 bxa4 27. c4
Kf8 28. f3 Ke7 29. Kf2 Nf6 30. Ke3 Nd7 31. Kd4 f5 32. Bc1 h6 33. c5 c6 34. cxd6+
Kxd6 35. Bf4+ Ke7 36. dxc6 bxc6 37. Kc4 Ke6 38. h4 h5 39. Bd2 Ne5+ 40. Kc5 a3
41. Bc3 a2 42. Ba1 g6 0-1